| 000 | 00499nam a2200193Ia 4500 | ||
|---|---|---|---|
| 005 | 20251020182533.0 | ||
| 008 | 200515s9999 xx 000 0 und d | ||
| 082 | _a712.373/L23 | ||
| 100 | _aLANCASTER, Roy | ||
| 245 | 0 | _aQué planta en qué lugar | |
| 260 | _aBarcelona | ||
| 260 | _c1999 | ||
| 500 | _a1 ejemplar | ||
| 520 | _aGuía creativa para escoger las plantas más adecuadas para cada zona de su jardín | ||
| 650 | _aJARDINES | ||
| 650 | _aLIB | ||
| 650 | _aPLANTAS | ||
| 942 | _cLIB | ||
| 999 |
_c2137 _d2137 |
||